Normal view
MARC view
- Al- Majli,Jihad S
Entry Personal Name
001 - CONTROL NUMBER
- control field: 2710
003 - CONTROL NUMBER IDENTIFIER
- control field: JO-AjAnu
005 - DATE AND TIME OF LATEST TRANSACTION
- control field: 20230606070740.0
008 - FIXED-LENGTH DATA ELEMENTS
- fixed length control field: 230606|| aca||aabn | a|a d
040 ## - CATALOGING SOURCE
- Original cataloging agency: JO-AjAnu
- Transcribing agency: JO-AjAnu
100 ## - HEADING--PERSONAL NAME
- Personal name: Al- Majli,Jihad S
670 ## - SOURCE DATA FOUND
- Source citation: Work cat.: (JO-AjAnu)1419: Al- Majli,Jihad S, author, Poetic Creativty In Arabic Literary Criticism:A Study Of Arabic Critical Views Up To The End Of The Century